000
00215 a2200097 4500
001
14082
100
_a
Palmor H.E
245
_a
The new method grammar
260
_a
London
_b
Longmans green
_c
090
_c
11027
_d
11027
942
_a
NUST-CAE
_c
M
_c
1145
999
_c
249155
_d
249155